[Event "Belgrade Vucicevic Memorial"]
[Site "Belgrade"]
[Date "2019.12.22"]
[Round "2"]
[White "Popovic, Dusan"]
[Black "Nikolic, Milos"]
[Result "1-0"]
[WhiteElo "2488"]
[BlackElo "2258"]
[PlyCount "104"]
[EventDate "2019.12.22"]
[EventType "swiss (blitz)"]
[EventRounds "13"]
[EventCountry "SRB"]
[SourceTitle "CBM 194 Extra"]
[Source "ChessBase"]
[SourceDate "2020.03.31"]
[SourceVersion "1"]
[SourceVersionDate "2020.03.31"]
[SourceQuality "1"]

1. d4 Nf6 2. Bg5 d5 3. Nd2 c6 4. c3 Nbd7 5. Ngf3 g6 6. e3 Bg7 7. Bd3 0-0 8. 0-0 Re8 9. c4 e5 10. cxd5 cxd5 11. dxe5 Nxe5 12. Nxe5 Rxe5 13. Bf4 Re8 14. Rc1 Nh5 15. Bc7 Qe7 16. Qb3 Nf6 17. Nf3 a5 18. Nd4 a4 19. Qb5 h5 20. a3 h4 21. h3 Ne4 22. Bxe4 Qxe4 23. Rfd1 Ra6 24. Ne2 Rae6 25. Qxd5 Qxd5 26. Rxd5 Bxb2 27. Rc2 Bxa3 28. Nd4 Ra6 29. Nb5 Bf8 30. Bd6 Be6 31. Rdd2 Rd8 32. Bxf8 Rxd2 33. Rxd2 Kxf8 34. Nc7 Ra5 35. Nxe6+ fxe6 36. Kf1 Ke7 37. Ke2 b5 38. Kd3 b4 39. Kc4 b3 40. Kc3 Ra7 41. Kb2 e5 42. f4 Ke6 43. Rd8 exf4 44. exf4 Rc7 45. Ra8 Rc2+ 46. Kb1 Ra2 47. Ra5 a3 48. Rb5 Rb2+ 49. Ka1 Rxg2 50. Rxb3 Rg3 51. Ka2 Rxb3 52. Kxb3 Kf5 1-0

[Event "EU-Cup 34th"]
[Site "Porto Carras"]
[Date "2018.10.15"]
[Round "4.5"]
[White "Nikolic, Milos"]
[Black "Drent, Sjoerd"]
[Result "0-1"]
[WhiteElo "2279"]
[BlackElo "2001"]
[PlyCount "46"]
[EventDate "2018.10.12"]
[EventType "team-swiss"]
[EventRounds "7"]
[EventCountry "GRE"]
[SourceTitle "CBM 187"]
[Source "ChessBase"]
[SourceDate "2018.12.11"]
[SourceVersion "1"]
[SourceVersionDate "2018.12.11"]
[SourceQuality "1"]
[WhiteTeam "Partizan"]
[BlackTeam "En Passant"]
[WhiteTeamCountry "SRB"]
[BlackTeamCountry "NED"]

1. e4 e5 2. Nf3 Nc6 3. Bb5 Bc5 4. 0-0 Qf6 5. d3 Nge7 6. c3 h6 7. Be3 Bb6 8. d4 0-0 9. Re1 d6 10. h3 Ng6 11. Bf1 Nf4 12. Kh2 g5 13. d5 Ne7 14. Ng1 Qg7 15. a4 f5 16. a5 Bxe3 17. fxe3 Nfg6 18. exf5 Nxf5 19. e4 Nfe7 20. b4 Qf6 21. Ra2 g4 22. g3 h5 23. Rg2 Kg7 0-1

[Event "EU-Cup 34th"]
[Site "Porto Carras"]
[Date "2018.10.14"]
[Round "3.5"]
[White "Schiendorfer, Emanuel"]
[Black "Nikolic, Milos"]
[Result "1/2-1/2"]
[WhiteElo "2310"]
[BlackElo "2279"]
[PlyCount "122"]
[EventDate "2018.10.12"]
[EventType "team-swiss"]
[EventRounds "7"]
[EventCountry "GRE"]
[SourceTitle "CBM 187"]
[Source "ChessBase"]
[SourceDate "2018.12.11"]
[SourceVersion "1"]
[SourceVersionDate "2018.12.11"]
[SourceQuality "1"]
[WhiteTeam "Winterthur"]
[BlackTeam "Partizan"]
[WhiteTeamCountry "SUI"]
[BlackTeamCountry "SRB"]

1. Nf3 Nf6 2. g3 c5 3. Bg2 Nc6 4. 0-0 g6 5. c4 d6 6. Nc3 Bg7 7. d4 cxd4 8. Nxd4 Bd7 9. Nc2 0-0 10. b3 a6 11. Bb2 Rb8 12. Nd5 Ne8 13. Bxg7 Nxg7 14. Qd2 b5 15. cxb5 axb5 16. Rfc1 e6 17. Ndb4 Nxb4 18. Nxb4 d5 19. e4 dxe4 20. Bxe4 Qa5 21. a3 Rfd8 22. Qf4 Be8 23. Bc6 Rbc8 24. Bxe8 Rxe8 25. Nc6 Qc7 26. Qxc7 Rxc7 27. Nd4 Rb7 28. Rc5 Reb8 29. Rac1 Nf5 30. Rc8+ Rxc8 31. Rxc8+ Kg7 32. Nxf5+ gxf5 33. Rc1 Kf6 34. a4 bxa4 35. bxa4 Ra7 36. Rc4 Ke5 37. Kg2 Kd5 38. Rf4 f6 39. Kf3 Kc5 40. Ke3 Rd7 41. Rh4 Rb7 42. Rh6 Rf7 43. Kd3 Kd5 44. Rh4 e5 45. Rb4 Ra7 46. Kc3 Rc7+ 47. Kd3 Ra7 48. Ke3 Kc5 49. Rh4 Kd5 50. Kf3 e4+ 51. Kg2 Ke5 52. Rh5 Ke6 53. a5 Rxa5 54. Rxh7 Ra2 55. Kf1 f4 56. gxf4 Kf5 57. Rh4 Rb2 58. Kg1 Rc2 59. Kf1 Rc3 60. Ke1 Rc2 61. Kf1 Ra2 1/2-1/2

[Event "Belgrade-chT Quality"]
[Site "Belgrade"]
[Date "2018.09.22"]
[Round "6.5"]
[White "Lukic, Branislav"]
[Black "Nikolic, Milos"]
[Result "0-1"]
[WhiteElo "2232"]
[BlackElo "2270"]
[PlyCount "86"]
[EventDate "2018.09.17"]
[EventType "team-tourn"]
[EventRounds "11"]
[EventCountry "SRB"]
[SourceTitle "CBM 186 Extra"]
[Source "ChessBase"]
[SourceDate "2018.08.24"]
[SourceVersion "1"]
[SourceVersionDate "2018.08.24"]
[SourceQuality "1"]
[WhiteTeam "Mirijevo"]
[BlackTeam "Partizan"]
[WhiteTeamCountry "SRB"]
[BlackTeamCountry "SRB"]

1. Nf3 Nf6 2. d4 g6 3. Bf4 Bg7 4. e3 0-0 5. Nbd2 d6 6. h3 Nbd7 7. Bc4 Qe8 8. 0-0 e5 9. Bh2 Qe7 10. a4 a5 11. c3 e4 12. Ne1 Re8 13. Nc2 Nf8 14. b4 Bf5 15. Nb3 axb4 16. cxb4 g5 17. Bb5 c6 18. Be2 Ng6 19. b5 Qd7 20. Nd2 d5 21. Nb3 g4 22. Nc5 Qc8 23. hxg4 Nxg4 24. b6 Nxh2 25. Kxh2 Nf8 26. a5 Nd7 27. Ra4 Bf8 28. Nxd7 Qxd7 29. Rh1 c5 30. Ra1 c4 31. Kg1 Qb5 32. Bg4 Bg6 33. Qd2 Ra6 34. Kh2 Bd6+ 35. g3 h5 36. Be2 h4 37. Kg2 hxg3 38. fxg3 Kg7 39. Bg4 Rea8 40. Rhb1 Qe8 41. Rf1 Qe7 42. Qe1 Qg5 43. Bd7 Rxa5 0-1

[Event "Belgrade-chT Quality"]
[Site "Belgrade"]
[Date "2018.09.21"]
[Round "5.5"]
[White "Nikolic, Milos"]
[Black "Milic, Dragan"]
[Result "1/2-1/2"]
[WhiteElo "2270"]
[BlackElo "2073"]
[PlyCount "119"]
[EventDate "2018.09.17"]
[EventType "team-tourn"]
[EventRounds "11"]
[EventCountry "SRB"]
[SourceTitle "CBM 186 Extra"]
[Source "ChessBase"]
[SourceDate "2018.08.24"]
[SourceVersion "1"]
[SourceVersionDate "2018.08.24"]
[SourceQuality "1"]
[WhiteTeam "Partizan"]
[BlackTeam "Belgrade PTT"]
[WhiteTeamCountry "SRB"]
[BlackTeamCountry "SRB"]

1. e4 d6 2. d4 Nf6 3. Nc3 e5 4. Nf3 exd4 5. Nxd4 Be7 6. Be2 0-0 7. 0-0 Re8 8. f4 Bf8 9. Bf3 Na6 10. Nb3 c6 11. Re1 Nc7 12. Be3 Be6 13. Qd3 d5 14. e5 Ng4 15. Bxg4 Bxg4 16. h3 Bc8 17. Rad1 Qh4 18. Nd4 Qh5 19. Bf2 Qh6 20. Qf3 Ne6 21. f5 Nxd4 22. Bxd4 Qg5 23. f6 Qf5 24. Qg3 Qg6 25. Qh4 Qh6 26. Qf2 g6 27. Bc5 Bxc5 28. Qxc5 Qg5 29. Qe3 Qxe3+ 30. Rxe3 Bf5 31. Re2 Rad8 32. g4 Bc8 33. Rd4 Re6 34. Rd1 b6 35. Kf2 Ba6 36. Re3 Rde8 37. Rd4 Bc4 38. Rd1 Rxe5 39. Rde1 Rxe3 40. Rxe3 Rxe3 41. Kxe3 g5 42. Kd4 Bf1 43. Nd1 Bxh3 44. Ne3 h5 45. gxh5 Kh7 46. b4 Kh6 47. c4 dxc4 48. Nxc4 Be6 49. Ne5 c5+ 50. bxc5 bxc5+ 51. Kxc5 Bxa2 52. Kd6 Kxh5 53. Ke7 g4 54. Nxf7 g3 55. Ne5 g2 56. Nf3 Bd5 57. Kd6 a5 58. Kc5 Kg6 59. Nh4+ Kxf6 60. Nxg2 1/2-1/2

[Event "Belgrade-chT"]
[Site "Belgrade"]
[Date "2018.05.11"]
[Round "5"]
[White "Nikolic, Milos"]
[Black "Milosevic, Milos"]
[Result "1-0"]
[WhiteElo "2253"]
[BlackElo "2333"]
[PlyCount "73"]
[EventDate "2018.05.07"]
[EventType "team-swiss"]
[EventRounds "5"]
[EventCountry "SRB"]
[SourceTitle "CBM 184 Extra"]
[Source "ChessBase"]
[SourceDate "2018.06.28"]
[SourceVersion "1"]
[SourceVersionDate "2018.06.28"]
[SourceQuality "1"]
[WhiteTeam "Belgrade Partizan"]
[BlackTeam "Belgrade Turbina"]
[WhiteTeamCountry "SRB"]
[BlackTeamCountry "SRB"]

1. e4 e6 2. d4 d5 3. Nc3 Nf6 4. Bg5 Bb4 5. exd5 Qxd5 6. Bxf6 Bxc3+ 7. bxc3 gxf6 8. Nf3 b6 9. g3 Bb7 10. Bg2 Qd6 11. 0-0 Nc6 12. Nd2 0-0-0 13. Qh5 Qd7 14. a4 Rdg8 15. Rfb1 Rg6 16. Nc4 Ba6 17. Qe2 Kd8 18. a5 Nxa5 19. Rxa5 bxa5 20. Rb8+ Bc8 21. Nxa5 Ke7 22. h4 Rhg8 23. Qh5 Kf8 24. Bc6 Qd6 25. Rxc8+ Kg7 26. Rxg8+ Kxg8 27. Qf3 Qa3 28. Nb3 Kg7 29. h5 Rg5 30. Kg2 Qb2 31. Nc5 Qxc2 32. h6+ Kxh6 33. Be4 Qb2 34. Qxf6+ Rg6 35. Bxg6 hxg6 36. Qh8+ Kg5 37. Qh4+ 1-0

[Event "SRB-chT3 East"]
[Site "Serbia"]
[Date "2017.10.14"]
[Round "9.2"]
[White "Blagojevic, Aleksandar"]
[Black "Nikolic, Milos"]
[Result "1-0"]
[WhiteElo "1608"]
[BlackElo "2253"]
[PlyCount "95"]
[EventDate "2017.09.03"]
[EventType "team-tourn"]
[EventRounds "11"]
[EventCountry "SRB"]
[SourceTitle "EXT 2022"]
[Source "ChessBase"]
[SourceDate "2021.10.06"]
[SourceVersion "1"]
[SourceVersionDate "2021.10.06"]
[SourceQuality "1"]

1. d4 d5 2. c4 Nf6 3. Nc3 e6 4. Nf3 c5 5. cxd5 exd5 6. dxc5 Bxc5 7. e3 Bd7 8. Nxd5 Nxd5 9. Qxd5 Bb4+ 10. Bd2 Nc6 11. a3 Bxd2+ 12. Qxd2 Qa5 13. Qxa5 Nxa5 14. Nd4 Rc8 15. Bd3 0-0 16. 0-0 Nc4 17. Bxc4 Rxc4 18. Rac1 Rcc8 19. g3 Bh3 20. Rfe1 a6 21. f4 g6 22. Kf2 Bg4 23. Kg2 Rxc1 24. Rxc1 Rc8 25. Rxc8+ Bxc8 26. Kf3 f5 27. Ke2 Kf7 28. Kd3 Be6 29. Ne2 Ke7 30. Kd4 Kd6 31. Nc3 b5 32. e4 fxe4 33. Nxe4+ Kd7 34. Ke5 Ke7 35. h4 h5 36. b4 Bf5 37. Nd6 Bg4 38. f5 gxf5 39. Nxf5+ Bxf5 40. Kxf5 Kf7 41. Kg5 Kg7 42. Kxh5 Kf6 43. g4 Kg7 44. Kg5 Kf7 45. Kf5 Kg7 46. h5 Kh6 47. Ke5 Kg5 48. Kd4 1-0

[Event "Belgrade Vucicevic Memorial"]
[Site "Belgrade"]
[Date "2016.12.04"]
[Round "4"]
[White "Leskur, Dejan"]
[Black "Nikolic, Milos"]
[Result "1-0"]
[WhiteElo "2378"]
[BlackElo "2172"]
[PlyCount "22"]
[EventDate "2016.12.04"]
[EventType "swiss"]
[EventRounds "15"]
[EventCountry "SRB"]
[SourceTitle "CBM 176 Extra"]
[Source "ChessBase"]
[SourceDate "2017.03.02"]
[SourceVersion "1"]
[SourceVersionDate "2017.03.02"]
[SourceQuality "1"]

1. e4 c5 2. Nf3 d6 3. c3 Nf6 4. h3 g6 5. Bd3 Bg7 6. 0-0 0-0 7. Bc2 b6 8. Re1 Bb7 9. d4 Nbd7 10. Bg5 h6 11. Bh4 e5 1-0

[Event "Belgrade-chT Quality"]
[Site "Belgrade"]
[Date "2016.10.01"]
[Round "1.4"]
[White "Popovic, Aleksandar M"]
[Black "Nikolic, Milos"]
[Result "0-1"]
[WhiteElo "2232"]
[BlackElo "2256"]
[PlyCount "39"]
[EventDate "2016.10.01"]
[EventType "team-tourn"]
[EventRounds "11"]
[EventCountry "SRB"]
[SourceTitle "EXT 2018"]
[Source "ChessBase"]
[SourceDate "2017.10.13"]
[SourceVersion "1"]
[SourceVersionDate "2017.10.13"]
[SourceQuality "1"]

1. e4 c5 2. Nf3 d6 3. d4 cxd4 4. Nxd4 Nf6 5. Nc3 a6 6. Bg5 e6 7. f4 Be7 8. Qf3 Qc7 9. 0-0-0 Nbd7 10. g4 b5 11. Bxf6 gxf6 12. a3 Rb8 13. g5 b4 14. axb4 Rxb4 15. Qh5 Nc5 16. e5 Qa5 17. Nc6 Qa1+ 18. Kd2 Qxb2 19. Nxb4 Qxb4 20. Qf3 0-1

[Event "Belgrade-chT Quality"]
[Site "Belgrade"]
[Date "2011.10.22"]
[Round "3"]
[White "Markovic, Misa"]
[Black "Nikolic, Milos"]
[Result "0-1"]
[WhiteElo "2204"]
[BlackElo "2324"]
[PlyCount "70"]
[EventDate "2011.10.15"]
[EventType "team-swiss"]
[EventRounds "11"]
[EventCountry "SRB"]
[SourceTitle "EXT 2012"]
[Source "ChessBase"]
[SourceDate "2011.11.24"]
[SourceVersion "1"]
[SourceVersionDate "2011.11.24"]
[SourceQuality "1"]

1. e4 c5 2. Nf3 d6 3. d4 cxd4 4. Nxd4 Nf6 5. Nc3 a6 6. Nb3 e6 7. Be3 b5 8. a3 Bb7 9. Bd3 Nbd7 10. f4 Be7 11. 0-0 Rc8 12. Qe2 0-0 13. g4 Nb6 14. g5 Nfd7 15. Qh5 g6 16. Qh6 Re8 17. Rf3 Bf8 18. Qh4 Nc4 19. Bxc4 bxc4 20. Nd2 Bg7 21. Ne2 Nc5 22. Rh3 h5 23. Ng3 d5 24. Bxc5 Rxc5 25. e5 c3 26. bxc3 Rxc3 27. Rb1 Qc7 28. Nxh5 Rxh3 29. Qxh3 gxh5 30. Qxh5 Qc5+ 31. Kf1 Bc6 32. g6 fxg6 33. Qxg6 Qe3 34. Rb7 Qxf4+ 35. Ke1 Qxe5+ 0-1

[Event "Belgrade-ch"]
[Site "Belgrade"]
[Date "2010.01.30"]
[Round "8"]
[White "Popovic, Aleksandar M"]
[Black "Nikolic, Milos"]
[Result "0-1"]
[WhiteElo "2264"]
[BlackElo "2330"]
[PlyCount "66"]
[EventDate "2010.01.23"]
[EventType "swiss"]
[EventRounds "9"]
[EventCountry "YUG"]
[SourceTitle "CBM 134 Extra"]
[Source "ChessBase"]
[SourceDate "2010.03.03"]
[SourceVersion "1"]
[SourceVersionDate "2010.03.03"]
[SourceQuality "1"]

1. e4 c5 2. Nf3 d6 3. d4 cxd4 4. Nxd4 Nf6 5. Nc3 a6 6. h3 g6 7. Bg5 Bg7 8. Qd2 Nc6 9. Nxc6 bxc6 10. e5 dxe5 11. Qxd8+ Kxd8 12. Bc4 Rf8 13. 0-0-0+ Kc7 14. Rhe1 h6 15. Bd2 Nd7 16. Na4 a5 17. f4 h5 18. Bc3 Bh6 19. Rxd7+ Bxd7 20. Bxe5+ Kd8 21. g3 f6 22. Bd4 e5 23. Bb6+ Kc8 24. Nc5 Bxh3 25. Rd1 exf4 26. Rd6 fxg3+ 27. Kb1 Bf4 28. Rxc6+ Kb8 29. Nd3 g5 30. Nxf4 gxf4 31. Bc7+ Kb7 32. Bd5 Rad8 33. Bxd8 Rxd8 0-1

[Event "Belgrade-ch"]
[Site "Belgrade"]
[Date "2010.01.27"]
[Round "5"]
[White "Nikolic, Milos"]
[Black "Jevtic, Miroljub L"]
[Result "0-1"]
[WhiteElo "2330"]
[BlackElo "2120"]
[PlyCount "116"]
[EventDate "2010.01.23"]
[EventType "swiss"]
[EventRounds "9"]
[EventCountry "YUG"]
[SourceTitle "CBM 134 Extra"]
[Source "ChessBase"]
[SourceDate "2010.03.03"]
[SourceVersion "1"]
[SourceVersionDate "2010.03.03"]
[SourceQuality "1"]

1. e4 e5 2. Nf3 Nc6 3. Bb5 Nf6 4. 0-0 Bc5 5. c3 0-0 6. d4 Bb6 7. Re1 d6 8. h3 exd4 9. cxd4 h6 10. Nc3 a6 11. Ba4 Bd7 12. Bf4 Re8 13. e5 dxe5 14. dxe5 Nh7 15. Nd5 Nf8 16. a3 Ne6 17. Bxh6 Bd4 18. Bc1 Nxe5 19. Bxd7 Nxf3+ 20. Qxf3 Qxd7 21. Be3 Red8 22. Nf4 Nxf4 23. Bxf4 c5 24. Rad1 Qf5 25. b3 b5 26. Rd2 g5 27. Be3 Qxf3 28. gxf3 Bxe3 29. Rxd8+ Rxd8 30. Rxe3 Rd5 31. Re8+ Kg7 32. Rc8 f6 33. Rc6 Rd3 34. a4 Rxf3 35. axb5 axb5 36. Rxc5 Rxb3 37. Kg2 b4 38. Rb5 Kg6 39. f3 Rb1 40. Kg3 b3 41. Kg2 Kf7 42. Rb6 Kg6 43. Rb5 f5 44. Rb6+ Kh5 45. h4 gxh4 46. Rb4 Kg5 47. Kh3 b2 48. Kh2 Kf6 49. Rb5 Ke6 50. Kg2 Kd6 51. Rb8 Kc5 52. Rc8+ Kd4 53. Rd8+ Ke3 54. Rb8 Rd1 55. Rb3+ Rd3 56. Rb4 Rd2+ 57. Kh3 Kxf3 58. Kxh4 Ke2 0-1

[Event "Belgrade-ch"]
[Site "Belgrade"]
[Date "2010.01.23"]
[Round "1"]
[White "Nikolic, Milos"]
[Black "Marinkov, Svetislav"]
[Result "1-0"]
[WhiteElo "2330"]
[BlackElo "1936"]
[PlyCount "87"]
[EventDate "2010.01.23"]
[EventType "swiss"]
[EventRounds "9"]
[EventCountry "YUG"]
[SourceTitle "CBM 134 Extra"]
[Source "ChessBase"]
[SourceDate "2010.03.03"]
[SourceVersion "1"]
[SourceVersionDate "2010.03.03"]
[SourceQuality "1"]

1. e4 c5 2. Nf3 d6 3. d4 cxd4 4. Nxd4 Nf6 5. Nc3 a6 6. Be3 e6 7. f3 b5 8. Qd2 b4 9. Na4 Nbd7 10. Bc4 Ne5 11. Bb3 d5 12. exd5 Nxd5 13. Bxd5 exd5 14. Bf4 Bd6 15. 0-0 0-0 16. Bxe5 Bxe5 17. Nc6 Bxh2+ 18. Kxh2 Qd6+ 19. Kg1 Qxc6 20. Qxb4 a5 21. Qd4 Rb8 22. c3 Ba6 23. Rfd1 Rfd8 24. Rd2 h6 25. Nc5 Rd6 26. Re1 Bc8 27. Re5 Rb5 28. b4 axb4 29. cxb4 Be6 30. a4 Rb8 31. b5 Qb6 32. Na6 Rc8 33. Qxb6 Rxb6 34. Rd4 Rc2 35. Nb4 Rc1+ 36. Kf2 f6 37. Re2 Kf7 38. Rc2 Rxc2+ 39. Nxc2 Ke7 40. Rb4 Bd7 41. Ke3 Re6+ 42. Kd4 Re2 43. Ne3 Kd6 44. b6 1-0

[Event "Belgrade op"]
[Site "Belgrade"]
[Date "2009.11.30"]
[Round "7"]
[White "Nikolic, Milos"]
[Black "Bozic, Milan"]
[Result "0-1"]
[WhiteElo "2301"]
[BlackElo "2439"]
[PlyCount "100"]
[EventDate "2009.11.24"]
[EventType "swiss"]
[EventRounds "9"]
[EventCountry "YUG"]
[SourceTitle "CBM 133 Extra"]
[Source "ChessBase"]
[SourceDate "2010.01.05"]
[SourceVersion "1"]
[SourceVersionDate "2010.01.05"]
[SourceQuality "1"]

1. e4 d6 2. d4 c6 3. Nf3 Bg4 4. Be2 Nf6 5. Nc3 Nbd7 6. a4 e5 7. 0-0 Be7 8. Be3 0-0 9. h3 Bh5 10. Re1 Qc7 11. Nd2 Bxe2 12. Qxe2 Rfe8 13. dxe5 dxe5 14. Qc4 Nb6 15. Qe2 Nfd7 16. a5 Nc8 17. Qc4 Qb8 18. Nb3 Nf8 19. Red1 Nd6 20. Qe2 Qc7 21. a6 b6 22. Nd2 Rac8 23. Nf3 Bf6 24. b3 Ne6 25. g3 b5 26. Rd2 b4 27. Rad1 Nd4 28. Bxd4 exd4 29. Na4 Nxe4 30. Re1 Re7 31. Qxe4 Rxe4 32. Rxe4 c5 33. Rde2 h5 34. h4 Qc6 35. Nb2 Qxa6 36. Nc4 Qc6 37. Nb2 Kh7 38. Na4 Rd8 39. Nb2 Qb5 40. Nd3 a5 41. Nb2 Rd5 42. Re8 Qa6 43. R8e4 Rd8 44. Re1 Qb5 45. Rd1 Qc6 46. Rde1 Ra8 47. Na4 Ra7 48. Nb2 Ra6 49. R1e2 Qd7 50. Nc4 Qf5 0-1

[Event "Belgrade op"]
[Site "Belgrade"]
[Date "2009.11.28"]
[Round "5"]
[White "Nikolic, Milos"]
[Black "Savic, Dragan"]
[Result "1-0"]
[WhiteElo "2301"]
[BlackElo "2170"]
[PlyCount "137"]
[EventDate "2009.11.24"]
[EventType "swiss"]
[EventRounds "9"]
[EventCountry "YUG"]
[SourceTitle "CBM 133 Extra"]
[Source "ChessBase"]
[SourceDate "2010.01.05"]
[SourceVersion "1"]
[SourceVersionDate "2010.01.05"]
[SourceQuality "1"]

1. e4 e6 2. d4 d5 3. Nc3 Bb4 4. e5 c5 5. a3 Bxc3+ 6. bxc3 Ne7 7. Nf3 Qa5 8. Bd2 Nbc6 9. h4 Bd7 10. h5 h6 11. Qc1 cxd4 12. cxd4 Qa4 13. Qb2 Na5 14. Bb4 Rc8 15. Bxe7 Kxe7 16. Bd3 Nc4 17. Qb4+ Qxb4+ 18. axb4 a6 19. Rh4 Nb2 20. Kd2 Nxd3 21. Kxd3 Rc4 22. c3 Rhc8 23. Ra3 b6 24. Rh1 a5 25. bxa5 bxa5 26. Rb1 a4 27. Ne1 f5 28. Kd2 Be8 29. Nd3 Bxh5 30. Rb7+ R8c7 31. Rxc7+ Rxc7 32. Rxa4 g5 33. Nc5 Be8 34. Ra6 Bf7 35. Ra8 h5 36. g3 Rc6 37. Nb7 Rc7 38. Nd6 Rd7 39. Nc8+ Ke8 40. Nd6+ Ke7 41. Rh8 Rxd6 42. exd6+ Kxd6 43. f4 g4 44. Ra8 Ke7 45. Ra6 Be8 46. Rb6 Bf7 47. Kc2 Be8 48. Kb3 Bf7 49. Kc2 Be8 50. Rb1 Bf7 51. Rh1 Be8 52. Kb3 Bg6 53. Kb4 Bf7 54. Kc5 Be8 55. Re1 Ba4 56. c4 Bb3 57. Rh1 dxc4 58. Rxh5 c3 59. Rh7+ Kf6 60. Kb4 c2 61. Rc7 Bd5 62. Rxc2 Ke7 63. Kc5 Bb3 64. Rb2 Bd5 65. Rh2 Bb3 66. Rh7+ Kf6 67. Kd6 Kg6 68. Rb7 Bd5 69. Rb5 1-0

[Event "Belgrade-chT Quality"]
[Site "Belgrade"]
[Date "2009.10.31"]
[Round "9"]
[White "Nikolic, Milos"]
[Black "Srdic, Danilo"]
[Result "0-1"]
[WhiteElo "2301"]
[BlackElo "2227"]
[PlyCount "65"]
[EventDate "2009.10.11"]
[EventType "team-tourn"]
[EventRounds "11"]
[EventCountry "YUG"]
[SourceTitle "CBM 133 Extra"]
[Source "ChessBase"]
[SourceDate "2010.01.05"]
[SourceVersion "1"]
[SourceVersionDate "2010.01.05"]
[SourceQuality "1"]

1. e4 c5 2. Nf3 Nc6 3. d4 cxd4 4. Nxd4 Nf6 5. Nc3 d6 6. Bg5 e6 7. Qd2 a6 8. 0-0-0 Bd7 9. f3 Nxd4 10. Qxd4 Be7 11. h4 Qa5 12. Kb1 Bc6 13. Be2 h6 14. Bd2 Qc5 15. Qd3 0-0-0 16. Be3 Qa5 17. Qd2 Qc7 18. Qd4 Rhg8 19. Qa7 Rd7 20. g4 d5 21. g5 Nh5 22. exd5 exd5 23. Rhg1 hxg5 24. hxg5 f5 25. Bd3 g6 26. Ne2 Qb8 27. Qxb8+ Kxb8 28. Nd4 Kc7 29. Rh1 Rh8 30. Rh3 Bd6 31. Rdh1 Re8 32. Bd2 Nf4 33. Rh6 0-1